| 000 | 01079nam a22002657a 4500 | ||
|---|---|---|---|
| 005 | 20170825110833.0 | ||
| 010 | _a1516EN07 ENG-114926 | ||
| 020 |
_c1250.00 _a9789350980293 |
||
| 035 | _aEN-98458 | ||
| 035 | _aB-606332-342 | ||
| 035 | _aB-667747 | ||
| 037 |
_bKKP/ven _aDPL |
||
| 037 | _bDBAD/PUB | ||
| 082 | _a954.84 | ||
| 100 | _aLeonard, Karen | ||
| 245 |
_aHyderabad and Hyderabadis / _cby Karen Leonard |
||
| 260 |
_bManohar Publishers & Distributors _c2014 _aNew Delhi |
||
| 270 |
_a4753/23, Ansari Road, Daryaganj _bNew Delhi _e110002 |
||
| 300 |
_a442p. : _c23cm(Hb) _bill.,maps |
||
| 500 | _aIncludes bibliographical references and index. | ||
| 650 |
_aCaste _zIndia _zHyderabad (State) |
||
| 942 |
_2ddc _cEN _mLEO _h954.84 |
||
| 999 |
_c96272 _d96272 |
||